Представление документа в формате MARC21

Поле Инд. ПП Название Значение
Тип записи a
Библиографический уровень m
001 Контрольный номер 7ea3d26a-744a-4c55-ad07-7908f99b3e4f
005 Дата корректировки 20140703145417.4
008 Кодируемые данные 000327 d
020 c Цена, тираж б/ц
080 a Индекс УДК 811.161.1'0'373(043.3)
084 a Индекс другой классификации/Индекс ББК Ш141.12-03я031
a Индекс другой классификации/Индекс ББК Ш141.12-7я031
a Индекс другой классификации/Индекс ББК Ш5(2=411.2)43-336.4я031
a Индекс другой классификации/Индекс ББК Ш5(2=411.2)51-336.4я031
090 x Авторский знак Т19
a Полочн. индекс Ш141.12
100 1_ a Автор Тарасов Михаил Иванович
245 10 a Заглавие Лексика комедий конца XVIII - начала XIX в.
b Продолж. заглавия (к пробл. становления нормирован. разговор. разновидности рус. лит. яз.) : автореф. дис. ... канд. филол. наук : 10.02.01
c Ответственность [Смол. гос. пед. ин-т, Фак. рус. яз. и лит., Каф. рус. яз. и методики его преподавания]
260 1_ a Место издания Тверь
c Дата издания 1997
300 a Объем 16 с.
500 a Примечание На правах рукописи.
504 a Библиография Библиогр. в конце кн. и в подстроч. примеч.
583 a Действие Получение впервые 313 01.09.2006
650 a Основная рубрика Русский язык
x Основная подрубрика Лексикология историческая
x Основная подрубрика Разговорная речь
650 a Основная рубрика Русская литература
x Основная подрубрика Драматургия
x Основная подрубрика Комедия
x Основная подрубрика Язык и стиль
x Основная подрубрика История
y Хронологическая подрубрика 18-19 вв.
650 a Основная рубрика Язык и стиль комедии
653 a Ключевые слова Русская историческая лексикология
a Ключевые слова Историческая лексикология русского языка
a Ключевые слова Лексикология русского языка
a Ключевые слова Русская комедия
a Ключевые слова История русской комедии
a Ключевые слова Русская драматургия
a Ключевые слова Русская разговорная речь
a Ключевые слова Русский язык
a Ключевые слова Язык и стиль русской комедии
a Ключевые слова Авторефераты
852 t Порядковый номер экземпляра 2
p Инвентарный номер б/н - 2 экз.
888 a Бесплатные
930 a Новая/Ретро авторефераты
952 p 313.2006 б/ц 2 б/н
c Вид литературы А/Р н
954 a Дата поступления на обработку 20060831
999 a Подразделение 2 ч.з.